=LDR 00000nam 2200000 4500 =001 NUTBA000000000002991 =005 20140715100510.0 =006 =007 =008 =020 ##$$a 9786028553421 =035 ##$$a 0010-071400000000179 =040 ##$$a NBPDMAT =082 ##$$a 791.53 =090 ##$$a 791.53 $b Iva m =100 ##$$a Ivan Masdudin =245 ##$$a Mengenal kesenian wayang golek / $c Ivan Masdudin =260 ##$$a Banten : $b Kenanga Pustaka Indonesia, $c 2009 =300 ##$$a 48 hlm. : $b ilus. ; $c 25 cm. =650 ##$$a Wayang golek =990 ##$$a 21403307